|
|
|
|
| LEADER |
00000nab a2200000 a 4500 |
| 001 |
vtls000037097 |
| 003 |
SK-MaSNL |
| 005 |
20260304070014.0 |
| 008 |
250422c1979 xo 0 slo |
| 015 |
|
|
|a SNBRB19rr/mm-uuuuu
|
| 035 |
|
|
|a CL0047192
|
| 035 |
|
|
|a urn:nbn:sk:snk-ab2jrv
|
| 035 |
|
|
|a (urnnbn)urn:nbn:sk:snk:ar-a02ij6
|
| 035 |
|
|
|a (uuid)98a5a478-8a8a-4fb1-b90a-8d10bae2bd97
|
| 040 |
|
|
|a SNKBUCL
|b slo
|c SNKBUCL
|e AACR2
|
| 041 |
0 |
|
|a slo
|
| 044 |
|
|
|a xo
|c SK
|
| 080 |
|
|
|a 22/28
|2 1981
|
| 100 |
1 |
|
|a Dragúň, Emil,
|d 1944-2006
|4 aut
|9 200462
|
| 245 |
1 |
0 |
|a K problémom kresťanského chápania času ľudského bytia
|c Emil Dragúň
|
| 300 |
|
|
|b Res. rus., nem.
|
| 650 |
0 |
7 |
|a kresťanstvo
|2 snkbucl
|9 2024
|
| 650 |
0 |
7 |
|a bytie ľudské
|2 snkbucl
|9 1349620
|
| 650 |
0 |
7 |
|a čas
|2 snkbucl
|9 2082
|
| 650 |
0 |
7 |
|a večnosť
|2 snkbucl
|9 22792
|
| 655 |
|
7 |
|a články z novín a časopisov
|2 snkbucl
|9 267496
|
| 773 |
0 |
|
|t Ateizmus
|g Roč. 7, č. 2 (1979), s. 133-152
|
| 850 |
|
|
|a Slovenská národná knižnica
|
| 852 |
|
|
|a Slovenská národná knižnica
|
| 954 |
|
|
|a odborná, vedecká literatúra pôvodná (slovenská)
|2 lita
|
| 958 |
|
|
|a article2022
|
| 958 |
|
|
|a RK
|
| 958 |
|
|
|a OND
|
| 958 |
|
|
|a EUIPO
|
| 992 |
|
|
|a RBX
|
| 999 |
|
|
|c 2753607
|d 2755537
|